| 000 | 01272nam a2200325 a 4500 | ||
|---|---|---|---|
| 001 | 000006069 | ||
| 005 | 20260521113250.0 | ||
| 008 | 090826t2003 dr r 000 0 spa d | ||
| 020 | _a9993483540 | ||
| 040 |
_aDO-SdBNP _bspa _cBNPHU |
||
| 082 |
_a364.6 _bR175t |
||
| 100 | 1 |
_aRamos Jeréz, Leoncio, _d1894-1971 _917088 |
|
| 245 | 1 | 0 |
_aTrabajos penitenciarios : _breformas para el establecimiento de un nuevo sistema penitenciario dominicano / _cLeoncio Ramos ; prólogo Emmanuel Ramos Messina. |
| 260 |
_aSanto Domingo : _bBúho, _c2003. |
||
| 300 |
_a99 p. ; _c22 cm. |
||
| 490 | 1 |
_aPensamiento criminológico dominicano _v3 |
|
| 490 | 1 | _aCuadernos de la cárcel | |
| 500 | _aIncluye datos biográficos del autor | ||
| 590 | _aInventariado, 2018/BT | ||
| 650 | 0 |
_aTrabajo en las prisiones _917082 |
|
| 650 | 0 |
_aCriminología _917089 |
|
| 650 | 4 |
_aAdministración de justicia penal _915988 |
|
| 650 | 0 |
_aDerecho penitenciario _917090 |
|
| 650 | 0 |
_aPrisiones _917091 |
|
| 650 | 4 |
_aDelicuencia infantil _917092 |
|
| 650 | 4 |
_aAnteproyecto de ley _zRepública Dominicana _917093 |
|
| 700 | 1 |
_aRamos Messina, Emmanuel, _epról. _9704 |
|
| 830 | 0 |
_aPensamiento criminológico dominicano _v3 _pcuadernos de la cárcel _917094 |
|
| 910 | _aValidado. Control de calidad. EMS | ||
| 999 |
_c5865 _d5865 |
||